书目信息 |
| 题名: |
神功内幕
|
|
| 作者: | 司马南 著 | |
| 分册: | 上册 | |
| 出版信息: | 北京 中国社会出版社 1995 |
|
| 页数: | 326页 | |
| 开本: | 20cm | |
| 丛书名: | ||
| 单 册: | ||
| 中图分类: | C913.8 | |
| 科图分类: | ||
| 主题词: | 气功--伪科学--研究 , 社会病态 | |
| 电子资源: | ||
| ISBN: | 7-80088-641-7 | |
| 000 | 00588nam0 2200217 45 | |
| 001 | 0198029761 | |
| 005 | 20070709113340.65 | |
| 010 | @a7-80088-641-7@dCNY26.80 | |
| 100 | @a19980528d1995 em y0chiy0121 ea | |
| 101 | 0 | @achi |
| 102 | @aCN@b110000 | |
| 105 | @af z 000yd | |
| 200 | 10 | @a神功内幕@Ashen gong nei mu@h上册@f司马南著@FSi Ma Nan Zhu |
| 210 | @a北京@c中国社会出版社@d1995 | |
| 215 | @a326页@c彩照@d20cm | |
| 606 | @a气功@x伪科学@x研究 | |
| 606 | 0 | @a社会病态 |
| 690 | @aC913.8@v3 | |
| 701 | 0 | @a司马南@4著 |
| 801 | 0 | @aCN@bNLC@c20070709 |
| 905 | @dC913.8@e211:1@b271739@f1 | |
| 神功内幕.上册/司马南著.-北京:中国社会出版社,1995 |
| 326页:彩照;20cm |
| ISBN 7-80088-641-7:CNY26.80 |
| ● |
| 相关链接 |
|
|
|
|
正题名:神功内幕
索取号:C913.8/211:1
 
预约/预借
| 序号 | 登录号 | 条形码 | 馆藏地/架位号 | 状态 | 备注 |
| 1 | 0271735 | 001030930 | 密集书库/ [索取号:C913.8/211:1] | 在馆 | |
| 2 | 0271736 | 001030958 | 第一借阅区/ [索取号:C913.8/211:1] | 在馆 | |
| 3 | 0271737 | 001030912 | 第一借阅区/ [索取号:C913.8/211:1] | 在馆 | |
| 4 | 0271738 | 001030985 | 密集书库/ [索取号:C913.8/211:1] | 在馆 | |
| 5 | 0271739 | 001030921 | 第一样本阅览室/ [索取号:C913.8/211:1] | 在馆 | |
| 6 | 0768842 | 207688420 | 密集书库/ [索取号:C913.8/211:1] | 在馆 |